| 000 | 01079nam a2200241Ia 4500 | ||
|---|---|---|---|
| 003 | Ost | ||
| 005 | 20260507075005.0 | ||
| 008 | 260507s9999||||xx |||||||||||||| ||und|| | ||
| 020 | _a9772121034 | ||
| 040 | _cfsecg | ||
| 041 | _aara | ||
| 082 | _a332 | ||
| 100 |
_aخبابة ، عبد الله _eمؤلف |
||
| 245 | 0 |
_aالاقتصاد المصرفي : _bالبنوك الالكترونية-البنوك التجارية-السياسة النقدية / _c عبد الله خبابة |
|
| 260 |
_aالاسكندرية: _bمؤسسة شباب الجامعة, _c2008 |
||
| 300 |
_a233 صفحة؛ _bإيضاحات ؛ _c24 سم |
||
| 504 | _aمراجع ص.229 | ||
| 520 | _aالنقود ووسائل الإئتمان و الطلب و العرض على النقود و كذا أسواق الوساطة المالية و جهاز تمويل الإقتصاد الوطني مع تناول السياسة النقدية و النقدية | ||
| 653 | _aالإقتصاد المالي | ||
| 653 | _aالبنوك | ||
| 653 | _aالبنوك التجارية | ||
| 942 | _cكتاب | ||
| 999 |
_c42107 _d42107 |
||